000 00902nam a2200253Ia 4500
003 OSt
005 20220923214958.0
006 a|||||r|||| 00| 0
007 ta
008 220922b |||||||| |||| 00| 0 hin d
024 _a174,459
037 _cTextual
040 _aARTS
_cARTS
_bhin
041 _2hin
_ahin
082 _aO152,6M83x, L3
100 _aशर्मा, रामविलास
245 0 _aआचार्य रामचन्द्र शुक्ल और हिन्दी आलोचना
246 _aĀchārya rāmachandra shukla aur hindī ālochanā
260 _aदिल्ली
_b राजकमल प्रकाशन
_c1973
300 _a266पृ.
_ccm.
650 _aहिन्दी साहित्य
_9156264
942 _hO152,6M83x, L3
_cTEXL
_2CC
999 _c328230
_d328230